Atlântica moderna : (Record no. 1085)

MARC details
000 -LEADER
campo de control de longitud fija 00983nam a22002657a 4500
008 - DATOS DE LONGITUD FIJA--INFORMACIÓN GENERAL
campo de control de longitud fija 161015s2015 br||||| |||| 00| 0 por d
020 ## - NÚMERO INTERNACIONAL ESTÁNDAR DEL LIBRO
Número Internacional Estándar del Libro 9788599686263
082 04 - NÚMERO DE LA CLASIFICACIÓN DECIMAL DEWEY
Número de clasificación 708
Número de ítem T231a
100 1# - ENTRADA PRINCIPAL--NOMBRE DE PERSONA
Nombre de persona Tavares, Ana Maria.
9 (RLIN) 5609
245 10 - MENCIÓN DEL TÍTULO
Título Atlântica moderna :
Resto del título purus e negros /
Mención de responsabilidad, etc. Ana Maria Tavres ; texto por Fabiola López-Durán y Nikki Moore ; Museu Vale.
250 ## - MENCION DE EDICION
Mención de edición 1a ed.
260 ## - PUBLICACIÓN, DISTRIBUCIÓN, ETC.
Lugar de publicación, distribución, etc. Rio de Janeiro, Brasil :
Nombre del editor, distribuidor, etc. Imago,
Fecha de publicación, distribución, etc. 2015.
300 ## - DESCRIPCIÓN FÍSICA
Extensión 120 p.
Otras características físicas il. col.
500 ## - NOTA GENERAL
Nota general Catálogo publicado con motivo a la exhbición "Atlântica: purus e negros", presentada del 5 de diciembre de 2014 al 8 de marzo de 2015, en el Museu Vale.
653 10 - TÉRMINO DE INDIZACIÓN--NO CONTROLADO
Término no controlado Arte contemporáneo
653 10 - TÉRMINO DE INDIZACIÓN--NO CONTROLADO
Término no controlado Catálogo de exhibición
653 10 - TÉRMINO DE INDIZACIÓN--NO CONTROLADO
Término no controlado Exhibiciones
653 10 - TÉRMINO DE INDIZACIÓN--NO CONTROLADO
Término no controlado Instalaciones
653 10 - TÉRMINO DE INDIZACIÓN--NO CONTROLADO
Término no controlado Arquitectura moderna
653 10 - TÉRMINO DE INDIZACIÓN--NO CONTROLADO
Término no controlado Arte - Brasil
653 10 - TÉRMINO DE INDIZACIÓN--NO CONTROLADO
Término no controlado Artistas brasileños
700 1# - ENTRADA AGREGADA--NOMBRE PERSONAL
Nombre de persona López-Durán, Fabiola.
9 (RLIN) 5606
700 1# - ENTRADA AGREGADA--NOMBRE PERSONAL
Nombre de persona Moore, Nikki.
9 (RLIN) 5607
710 1# - ENTRADA AGREGADA--NOMBRE DE ENTIDAD CORPORATIVA
Nombre de entidad corporativa o nombre de jurisdicción como elemento de entrada Museu Vale.
9 (RLIN) 5608
Holdings
Estatus retirado Estado de pérdida Fuente del sistema de clasificación o colocación Estado de daño No para préstamo Biblioteca de origen Biblioteca actual Ubicación en estantería Fecha de adquisición Total de préstamos Signatura topográfica completa Código de barras Visto por última vez Precio de reemplazo Tipo de ítem Koha
    Clasificación Decimal Dewey     Biblioteca LadoV Biblioteca LadoV   15/10/2016   708 T231a 004201 15/10/2016 15/10/2016 Material 01